| 000 | 00920cab a2200265 4500 | ||
|---|---|---|---|
| 001 | ABS59104 | ||
| 008 | 090401t1998 xxu||||| |||| 00| 0 eng d | ||
| 035 | _a(Sirsi) u87705 | ||
| 041 | _aeng | ||
| 100 | _aCarpenter, A. | ||
| 245 | _aWorth the argument? | ||
| 260 | _c1998 | ||
| 350 | _a0 | ||
| 490 |
_aProperty Week _v63(13) 17 July 1998, 26-27(2) |
||
| 520 | _aDiscusses the margin of error principle, in light of the recent case of Barclays Bank v Weatherall Green & Smith, which was settled out of court. Considers whether it is now time to replace it with an analysis of the valuer`s approach. | ||
| 650 | _aBARCLAYS BANK V WEATHERALL GREEN & SMITH | ||
| 650 | _aMARGIN OF ERROR | ||
| 650 | _aSINGER AND FRIEDLANDER LTD V JOHN D WOOD AND CO | ||
| 650 | _aVALUATIONS | ||
| 650 | _aVALUERS | ||
| 650 | _aVALUERS' APPROACHES | ||
| 690 | _aRATING AND VALUATION | ||
| 942 | _n0 | ||
| 948 | _c29/07/1998 | ||
| 999 |
_c55337 _d55337 |
||